|
|
|
|
| LEADER |
01953nam a2200493 i 4500 |
| 001 |
nkc20223392655 |
| 003 |
CZ PrNK |
| 005 |
20230203140443.0 |
| 007 |
ta |
| 008 |
220124s2021 xr a e f 000 0 cze |
| 015 |
|
|
|a cnb003392655
|
| 020 |
|
|
|a 978-80-7028-556-5
|q (brožováno)
|
| 035 |
|
|
|a (OCoLC)1329409049
|
| 040 |
|
|
|a BOA001
|b cze
|d ABA001
|e rda
|
| 072 |
|
7 |
|a 376
|x Výchova a vzdělávání zvláštních skupin osob
|2 Konspekt
|9 22
|
| 080 |
|
|
|a 069
|2 MRF
|
| 080 |
|
|
|a 37.01:069
|2 MRF
|
| 080 |
|
|
|a 316.344.6-056.262
|2 MRF
|
| 080 |
|
|
|a (072)
|2 MRF
|
| 100 |
1 |
|
|a Jagošová, Lucie
|7 jx20111005010
|4 aut
|
| 245 |
1 |
0 |
|a Nevidomý návštěvník v muzeu :
|b metodické tipy pro muzejní prezentaci a edukaci /
|c Lucie Jagošová, Eliška Hluší
|
| 264 |
|
1 |
|a Brno :
|b Moravské zemské muzeum,
|c 2021
|
| 300 |
|
|
|a 53 stran :
|b barevné ilustrace ;
|c 21 cm
|
| 336 |
|
|
|a text
|b txt
|2 rdacontent
|
| 337 |
|
|
|a bez média
|b n
|2 rdamedia
|
| 338 |
|
|
|a svazek
|b nc
|2 rdacarrier
|
| 500 |
|
|
|a Na obálce nad názvem: Moravské zemské muzeum, Metodické centrum muzejní pedagogiky
|
| 504 |
|
|
|a Obsahuje bibliografii
|
| 650 |
0 |
7 |
|a muzea
|7 ph115380
|2 czenas
|
| 650 |
0 |
7 |
|a muzejní pedagogika
|7 ph467675
|2 czenas
|
| 650 |
0 |
7 |
|a nevidomí
|7 ph123276
|2 czenas
|
| 650 |
0 |
9 |
|a museums
|2 eczenas
|
| 650 |
0 |
9 |
|a museum education
|2 eczenas
|
| 650 |
0 |
9 |
|a blind
|2 eczenas
|
| 655 |
|
7 |
|a metodické příručky
|7 fd132826
|2 czenas
|
| 655 |
|
9 |
|a methodological manuals
|2 eczenas
|
| 700 |
1 |
|
|a Hluší, Eliška,
|d 1966-
|7 mzk2004148540
|4 aut
|
| 710 |
2 |
|
|a Moravské zemské muzeum (Brno, Česko).
|b Metodické centrum muzejní pedagogiky
|7 kn20130618011
|4 isb
|
| 910 |
2 |
|
|a BOA001
|b 2-1485.255
|
| 990 |
|
|
|a BK
|
| 995 |
|
|
|a 01
|
| 991 |
|
|
|b 202205
|c NOV
|
| 996 |
6 |
|
|b 2610901141
|c 2-1485.255
|l MZK
|r Sklad / do 1 hodiny
|n 0
|p p.v.
|w 001885138
|u 000010
|a 1
|e BOA001
|j MZK50
|s P
|
| 996 |
7 |
|
|b 2610901142
|c 2-1485.255
|l MZK
|r Sklad / do 1 hodiny
|n 1
|p p.v.
|w 001885138
|u 000020
|a 1
|e BOA001
|j MZK50
|s A
|